00658 a2200169 4500003000500000005001700005040000900022082001200031100002800043245011200071260001400183300001400197505022100211538002900432650001600461651001100477Nust20170207153550.0 cNust a621.382 aNiaz, Shoaib (MSEE-3) aCalculation of autocorrelation function using discrete wavelet transform for signal detectioncShoaib Niaz  bMCSc1999 aix, 73 p. aIntroduction (page-1), Wave: an introduction (page-6), Orthogonality of wavelets (page-27), Wideband processing (page-35), Development of algorithms and results (page-48), Conclusions and future directions (page-58). aAlmirah no 69 shelf no.3 aMSEE Thesis aMSEE-3